000 00712nam a22002417a 4500
003 UA-OsUOA
001 51627
007 ta
008 20140917b un ||||| |||| 00| 0 ukr d
100 _aКентій А.
090 _a94(477).09
_bК35
942 _cBK
040 _aUA-OsUOA
_bukr
_cUA-OsUOA
_dUA-OsUOA
245 _aУкраїнська повстанська армія в 1944-1945 рр.
300 _a218 с.
955 _a1
041 _aukr
080 _a94(477).09
260 _aК.
_c1999
650 7 _a9 Географія. Біографії. Історія
_2UDC
999 _c431751
_d431751